000 00454nam a2200181Ia 4500
001 18079
005 20260306171604.0
008 260306s9999||||xx |||||||||||||| ||und||
041 _aESP
082 _a658.401
_bA15
100 _aAbril Sánchez, Cristina
_eAUT
245 0 _aGuía para la integración de sistemas de gestión
260 _c2012
300 _a291 páginas :
_c23 cm.
650 _aGEN
654 _aCAN
942 _cLIB
_dJUS
_fJUS
_2ddc
_n
999 _c18079
_d18079